000 01209nam a22002657a 4500
005 20100826122442.0
008 090109t xxu||||| |||| 00| 0urd d
010 _aUR-7922 ,B-429128
020 _c140.00
_a9788182236912
035 _aU-6477 ,B-429128
037 _bDBAD/PUB
040 _aDPL
_burd
082 _a841
100 _912785
_aنثا ر احمد
245 _aنفس ر با /
_b
_cنثا ر احمد , تر تیب و مقد مہ محمد را شد
246 _aNafs -E-Ruba
_bby Nasir Ahmed
260 _aدہلی
_c2010
_bایجوکیشنل پبلشنگ ہاؤس
270 _a3108,Vakil Street, Kucha Pandit,Lal Kuan
_bDelhi
_e110006
_mwww.ephbooks.com
_k011-23216162
_l0091-11-23211540
300 _a132 ص
_c22 س م (Hb)
650 _912786
700 _934961
_aتر تیب و مقد مہ محمد را شد
942 _2ddc
_cUR
_h841
_mن ث ا
999 _c57230
_d57230